STN EN 1056 Potrubné a kanalizačné systémy z plastov Rúry a tvarovky z plastov. Metóda vystavenia priamemu (prírodnému) poveternostnému starnutiu

Bibliographic Details
Format: Book
Language:Undetermined
PhysicalDescription:12 s.
Published: Bratislava Úrad pre normalizáciu, metrológiu a skúšobníctvo SR 1999

MARC

LEADER 00000nam a2200000 a 4500
001 vtls001366854
003 SK-MaSNL
005 20260224153658.0
008 180126sm y0 xx r 0 und
035 |a SNK000320538 
040 |a SNK  |b slo  |c SNK  |e AACR2 
245 1 |a STN EN 1056 Potrubné a kanalizačné systémy z plastov  |b Rúry a tvarovky z plastov. Metóda vystavenia priamemu (prírodnému) poveternostnému starnutiu 
260 |a Bratislava  |b Úrad pre normalizáciu, metrológiu a skúšobníctvo SR  |c 1999 
300 |a 12 s. 
999 |c 1064813  |d 1066743 
952 |t P60, <03>, [BOOK], {603}  |a SNK  |b SNK  |y PREZ  |7 0  |p 17A0198248  |o snkSTN EN 1056  |i snkN 1653/99  |0 0  |1 0  |4 0  |d 1999-06-28  |l 0  |r 2005-01-02 00:00:00  |w 2026-02-24 
952 |t P60, <04>, [BOOK], {604}  |a SNK  |b SNK  |y VYP  |7 0  |p 17A0198249  |o snkSTN EN 1056 D1  |i snkN 1654/99  |0 0  |1 0  |4 0  |d 1999-06-28  |l 0  |r 2005-01-02 00:00:00  |w 2026-02-24